[Event "GER-ch U25 op"]
[Site "Willingen"]
[Date "2008.05.11"]
[Round "2"]
[White "Kaphle, Christian"]
[Black "Wenke, Andrea"]
[Result "0-1"]
[WhiteElo "715"]
[BlackElo "1440"]
[PlyCount "102"]
[EventDate "2008.05.11"]
[EventType "swiss"]
[EventRounds "9"]
[EventCountry "GER"]
[SourceTitle "CBM 124 Extra"]
[Source "ChessBase"]
[SourceDate "2008.07.03"]
[SourceVersion "1"]
[SourceVersionDate "2008.07.03"]
[SourceQuality "1"]

1. e4 e5 2. Nf3 Nc6 3. Bc4 Nf6 4. Ng5 d5 5. exd5 Nxd5 6. d3 Be7 7. Nf3 0-0 8. d4 exd4 9. Nxd4 Nf6 10. c3 Bc5 11. Be3 Re8 12. 0-0 Nxd4 13. cxd4 Bd6 14. Bg5 h6 15. Bh4 Re4 16. Bxf6 Qxf6 17. Bd3 Rxd4 18. Re1 Bf5 19. Re3 Bxd3 20. Rxd3 Rxd3 21. Qxd3 Qxb2 22. Qc3 Be5 23. Qxb2 Bxb2 24. Nd2 Bxa1 25. Nb3 Be5 26. g3 Rc8 27. f4 Bd6 28. Nd4 c5 29. Nc2 c4 30. Kf1 c3 31. Ke2 b5 32. Kd3 f5 33. Nd4 g6 34. Kc2 b4 35. Kb3 a5 36. Kc2 Re8 37. Kd3 Bc5 38. Nc2 Kf7 39. Na1 Re3+ 40. Kc2 Re2+ 41. Kd3 Rxa2 42. Nb3 c2 43. Nc1 Rb2 44. Kd2 a4 45. Kd3 a3 46. Kc4 a2 47. Kxc5 a1Q 48. Nd3 c1Q+ 49. Nxc1 Qxc1+ 50. Kd5 Rd2+ 51. Ke5 Qe1# 0-1

[Event "GER-ch U25 op"]
[Site "Willingen"]
[Date "2008.05.11"]
[Round "1"]
[White "Wenke, Andrea"]
[Black "Wenninger, Philipp"]
[Result "0-1"]
[WhiteElo "1440"]
[BlackElo "1868"]
[PlyCount "104"]
[EventDate "2008.05.11"]
[EventType "swiss"]
[EventRounds "9"]
[EventCountry "GER"]
[SourceTitle "CBM 124 Extra"]
[Source "ChessBase"]
[SourceDate "2008.07.03"]
[SourceVersion "1"]
[SourceVersionDate "2008.07.03"]
[SourceQuality "1"]

1. e4 c6 2. Nf3 d5 3. exd5 cxd5 4. d3 Nc6 5. Be2 Nf6 6. Nc3 Bg4 7. h3 Bh5 8. Bf4 e6 9. Ne5 Bxe2 10. Qxe2 Nd4 11. Qd2 Bb4 12. a3 Ba5 13. 0-0 0-0 14. Rac1 Nf5 15. b4 Bb6 16. Ne2 Rc8 17. c4 Nd4 18. Nxd4 Bxd4 19. Nf3 Bb6 20. c5 Bc7 21. d4 Ne4 22. Qe3 Qd7 23. Bxc7 Rxc7 24. Ne5 Qa4 25. f3 Ng3 26. Rfe1 Nf5 27. Qd3 Ra8 28. Ra1 a5 29. Qc3 Rcc8 30. f4 Ra7 31. g4 Ne7 32. Nd3 Nc6 33. Reb1 Rca8 34. Nb2 axb4 35. Nxa4 bxc3 36. Nxc3 Nxd4 37. a4 Kf8 38. Kf2 Ra5 39. Rxb7 Rxc5 40. Nd1 Rca5 41. Rd7 Rxa4 42. Rxa4 Rxa4 43. h4 Ra3 44. Ne3 Ra2+ 45. Kg3 Re2 46. Ng2 Ke8 47. Rc7 Rc2 48. Rb7 g6 49. Rb4 Rc3+ 50. Kf2 Rf3+ 51. Kg1 Ne2+ 52. Kh2 d4 0-1

[Event "GER-ch U25"]
[Site "Willingen"]
[Date "2007.06.01"]
[Round "9"]
[White "Wenke, Andrea"]
[Black "Pfleger, Jochen"]
[Result "0-1"]
[WhiteElo "1450"]
[BlackElo "1918"]
[PlyCount "46"]
[EventDate "2007.05.26"]
[EventType "swiss"]
[EventRounds "9"]
[EventCountry "GER"]
[SourceTitle "CBM 118 Extra"]
[Source "ChessBase"]
[SourceDate "2007.07.04"]
[SourceVersion "1"]
[SourceVersionDate "2007.07.04"]
[SourceQuality "1"]

1. e4 e6 2. d4 d5 3. exd5 exd5 4. Nf3 Bd6 5. Nc3 c6 6. Bd3 Bg4 7. h3 Bh5 8. Be3 Ne7 9. Be2 Nd7 10. Qd2 Nb6 11. Rb1 f6 12. 0-0 g5 13. g4 Bg6 14. Ne1 h5 15. Kg2 hxg4 16. hxg4 Rh2+ 17. Kg1 Kd7 18. f4 Qh8 19. Ng2 Qh3 20. Bf3 Nc4 21. Qc1 Nxe3 22. Qxe3 Bxf4 23. Qe2 Rh1+ 0-1

[Event "GER-ch U25"]
[Site "Willingen"]
[Date "2007.05.31"]
[Round "8"]
[White "Neumair, Dorian"]
[Black "Wenke, Andrea"]
[Result "0-1"]
[WhiteElo "981"]
[BlackElo "1450"]
[PlyCount "58"]
[EventDate "2007.05.26"]
[EventType "swiss"]
[EventRounds "9"]
[EventCountry "GER"]
[SourceTitle "CBM 118 Extra"]
[Source "ChessBase"]
[SourceDate "2007.07.04"]
[SourceVersion "1"]
[SourceVersionDate "2007.07.04"]
[SourceQuality "1"]

1. e4 e5 2. Nf3 Nc6 3. Nc3 Nf6 4. Bb5 d6 5. d3 Bd7 6. Be3 a6 7. Ba4 Be7 8. h3 0-0 9. 0-0 Nh5 10. Qd2 f5 11. exf5 Rxf5 12. Ne4 Qe8 13. Neg5 Nf4 14. Bb3+ d5 15. Ne4 Qg6 16. Bxf4 Rxf4 17. Kh2 Be6 18. Ng3 Raf8 19. Qe2 Bd6 20. Nd2 Nd4 21. Qe3 Kh8 22. c3 Nxb3 23. axb3 Qf7 24. Kg1 d4 25. Qe1 Qg6 26. c4 Qxd3 27. Nge4 Bxh3 28. gxh3 Qxh3 29. Ng3 Rh4 0-1

[Event "GER-ch U25"]
[Site "Willingen"]
[Date "2007.05.30"]
[Round "7"]
[White "Wenke, Andrea"]
[Black "Koksch, Florian"]
[Result "0-1"]
[WhiteElo "1450"]
[BlackElo "1870"]
[PlyCount "68"]
[EventDate "2007.05.26"]
[EventType "swiss"]
[EventRounds "9"]
[EventCountry "GER"]
[SourceTitle "CBM 118 Extra"]
[Source "ChessBase"]
[SourceDate "2007.07.04"]
[SourceVersion "1"]
[SourceVersionDate "2007.07.04"]
[SourceQuality "1"]

1. e4 e5 2. Nf3 Nf6 3. Nc3 Nc6 4. d4 exd4 5. Nxd4 Bb4 6. Nxc6 bxc6 7. Bg5 h6 8. Bxf6 Qxf6 9. Qd3 0-0 10. Be2 Ba6 11. Qe3 Bxe2 12. Kxe2 Rfe8 13. Na4 d5 14. f3 Ba5 15. Rad1 dxe4 16. fxe4 Qg6 17. Kf3 Re6 18. g3 Rae8 19. Rd4 f5 20. Nc5 fxe4+ 21. Rxe4 Qf5+ 22. Kg2 Rxe4 23. Nxe4 Qxe4+ 24. Qxe4 Rxe4 25. Kf3 Re1 26. Rxe1 Bxe1 27. g4 Kf7 28. h3 Kf6 29. Kf4 Bd2+ 30. Ke4 Kg5 31. Kf3 Kh4 32. Kg2 Bc1 33. b3 a5 34. c4 Ba3 0-1

[Event "GER-ch U25"]
[Site "Willingen"]
[Date "2007.05.29"]
[Round "6"]
[White "Wenke, Andrea"]
[Black "Greif, Gavin"]
[Result "1-0"]
[WhiteElo "1450"]
[BlackElo "1151"]
[PlyCount "65"]
[EventDate "2007.05.26"]
[EventType "swiss"]
[EventRounds "9"]
[EventCountry "GER"]
[SourceTitle "CBM 118 Extra"]
[Source "ChessBase"]
[SourceDate "2007.07.04"]
[SourceVersion "1"]
[SourceVersionDate "2007.07.04"]
[SourceQuality "1"]

1. e4 e5 2. Nf3 Nc6 3. d4 exd4 4. Nxd4 Nf6 5. Nxc6 bxc6 6. e5 Qe7 7. Qe2 Nd5 8. Bd2 Rb8 9. b3 Nb4 10. Bxb4 Qxb4+ 11. Qd2 Qe4+ 12. Qe2 Qd4 13. c3 Qd5 14. Nd2 Be7 15. Qh5 0-0 16. Nf3 Qe4+ 17. Kd2 Qf4+ 18. Kc2 d6 19. Bd3 g6 20. g3 Qxg3 21. hxg3 gxh5 22. Nd4 dxe5 23. Nxc6 Rb6 24. Nxe7+ Kh8 25. Rxh5 f5 26. Ng6+ Kg7 27. Nxf8 Kxf8 28. Rxh7 e4 29. Bc4 Rg6 30. Rah1 Rc6 31. Rf7+ Kg8 32. Rxc7+ Kf8 33. Rh8# 1-0

[Event "GER-ch U25"]
[Site "Willingen"]
[Date "2007.05.28"]
[Round "3"]
[White "Heider, Dirk"]
[Black "Wenke, Andrea"]
[Result "1-0"]
[WhiteElo "1862"]
[BlackElo "1450"]
[PlyCount "57"]
[EventDate "2007.05.26"]
[EventType "swiss"]
[EventRounds "9"]
[EventCountry "GER"]
[SourceTitle "CBM 118 Extra"]
[Source "ChessBase"]
[SourceDate "2007.07.04"]
[SourceVersion "1"]
[SourceVersionDate "2007.07.04"]
[SourceQuality "1"]

1. e4 e5 2. f4 d5 3. Nf3 Bg4 4. Be2 Nc6 5. exd5 Qxd5 6. Nc3 Qe6 7. Ng5 Bxe2 8. Qxe2 Qg6 9. d3 0-0-0 10. f5 Qf6 11. Nce4 Qe7 12. Be3 h6 13. Qh5 Nf6 14. Nxf6 Qxf6 15. Nxf7 Bb4+ 16. c3 Be7 17. Nxd8 Rxd8 18. 0-0-0 b6 19. Rhf1 Rf8 20. Rf3 Qd6 21. d4 exd4 22. Bxd4 Bf6 23. Bxf6 Qxf6 24. Qg6 Ne7 25. Qxf6 Rxf6 26. g4 g6 27. Re3 Nc6 28. Re6 Rxe6 29. fxe6 1-0

[Event "GER-ch U25"]
[Site "Willingen"]
[Date "2007.05.28"]
[Round "4"]
[White "Wenke, Andrea"]
[Black "Valet, Alexander"]
[Result "1/2-1/2"]
[WhiteElo "1450"]
[BlackElo "1155"]
[PlyCount "68"]
[EventDate "2007.05.26"]
[EventType "swiss"]
[EventRounds "9"]
[EventCountry "GER"]
[SourceTitle "CBM 118 Extra"]
[Source "ChessBase"]
[SourceDate "2007.07.04"]
[SourceVersion "1"]
[SourceVersionDate "2007.07.04"]
[SourceQuality "1"]

1. e4 e5 2. Nf3 Nc6 3. d4 exd4 4. Nxd4 Nf6 5. Nc3 Bb4 6. Nxc6 bxc6 7. Bd3 d6 8. Bd2 0-0 9. 0-0 Re8 10. Re1 Bb7 11. a3 Ba5 12. b4 Bb6 13. Bf4 Qd7 14. Qf3 Qg4 15. Qg3 Qxg3 16. Bxg3 Bd4 17. Ne2 Bxa1 18. Rxa1 Nxe4 19. Bf4 Re7 20. Be3 Rae8 21. Bxa7 Nc3 22. Be3 Nxe2+ 23. Bxe2 c5 24. Bb5 c6 25. Bd3 cxb4 26. axb4 Ra8 27. Rxa8+ Bxa8 28. c4 Rb7 29. b5 cxb5 30. cxb5 h6 31. f4 Rc7 32. Kf2 Kf8 33. g4 Ke7 34. h4 f6 1/2-1/2

[Event "GER-ch U25"]
[Site "Willingen"]
[Date "2007.05.26"]
[Round "1"]
[White "Eidner, Falk"]
[Black "Wenke, Andrea"]
[Result "1-0"]
[WhiteElo "1951"]
[BlackElo "1450"]
[PlyCount "51"]
[EventDate "2007.05.26"]
[EventType "swiss"]
[EventRounds "9"]
[EventCountry "GER"]
[SourceTitle "CBM 118 Extra"]
[Source "ChessBase"]
[SourceDate "2007.07.04"]
[SourceVersion "1"]
[SourceVersionDate "2007.07.04"]
[SourceQuality "1"]

1. e4 e5 2. Nf3 Nc6 3. Bc4 Bc5 4. c3 Nf6 5. d3 d6 6. 0-0 0-0 7. Bb3 Ne7 8. Nbd2 Ng6 9. Nc4 Be6 10. Ne3 Qd7 11. Re1 c6 12. Bc2 Rad8 13. d4 Bb6 14. Nf5 exd4 15. N5xd4 Rfe8 16. Bg5 h6 17. Bxf6 gxf6 18. Qd2 Kg7 19. Nf5+ Bxf5 20. exf5 Ne5 21. Nd4 d5 22. Re3 Rh8 23. Rg3+ Kh7 24. Ne6 Rdg8 25. Qxh6+ Kxh6 26. Rh3# 1-0

[Event "BL2 Gr03 0506 (Women)"]
[Site "Germany"]
[Date "2006.03.05"]
[Round "7.4"]
[White "Wenke, Andrea"]
[Black "Neldner, Anita"]
[Result "0-1"]
[WhiteElo "1345"]
[BlackElo "1819"]
[PlyCount "98"]
[EventDate "2005.10.29"]
[EventType "team-tourn"]
[EventRounds "7"]
[EventCountry "GER"]
[SourceTitle "EXT 2007"]
[Source "ChessBase"]
[SourceDate "2006.11.23"]
[SourceVersion "1"]
[SourceVersionDate "2006.11.23"]
[SourceQuality "1"]
[WhiteTeam "Delmenhorst"]
[BlackTeam "Guben"]
[WhiteTeamCountry "GER"]
[BlackTeamCountry "GER"]

1. e4 e5 2. Nf3 Nc6 3. d4 exd4 4. Nxd4 Qh4 5. Nc3 Bb4 6. Ndb5 Qxe4+ 7. Qe2 Qxe2+ 8. Bxe2 Kd8 9. a3 Bxc3+ 10. Nxc3 d6 11. 0-0 Bf5 12. Bd3 Bxd3 13. cxd3 Nge7 14. Be3 Kd7 15. b4 Ng6 16. Rac1 a6 17. d4 f5 18. f3 Rhe8 19. Bf2 Nf4 20. Rfe1 Nd3 21. Rxe8 Rxe8 22. Rd1 Nb2 23. Rb1 Nc4 24. a4 Ne3 25. d5 Nd4 26. b5 axb5 27. axb5 Nec2 28. h3 b6 29. Rd1 Ne2+ 30. Nxe2 Rxe2 31. Rd3 Re8 32. g4 f4 33. h4 Ra8 34. Kh2 Ra3 35. Rd2 Rc3 36. Kg2 Ne3+ 37. Bxe3 fxe3 38. Re2 Rd3 39. f4 Rxd5 40. Rxe3 Rxb5 41. f5 Re5 42. Rf3 b5 43. g5 c5 44. f6 gxf6 45. gxf6 Ke8 46. Rg3 Kf7 47. Rg7+ Kxf6 48. Rxh7 Kg6 49. Rd7 d5 0-1

[Event "BL2 Gr03 0506 (Women)"]
[Site "Germany"]
[Date "2006.03.04"]
[Round "6.4"]
[White "Neumeyer, Hannelore"]
[Black "Wenke, Andrea"]
[Result "1/2-1/2"]
[WhiteElo "1938"]
[BlackElo "1345"]
[PlyCount "97"]
[EventDate "2005.10.29"]
[EventType "team-tourn"]
[EventRounds "7"]
[EventCountry "GER"]
[SourceTitle "EXT 2007"]
[Source "ChessBase"]
[SourceDate "2006.11.23"]
[SourceVersion "1"]
[SourceVersionDate "2006.11.23"]
[SourceQuality "1"]
[WhiteTeam "Goerlitz"]
[BlackTeam "Delmenhorst"]
[WhiteTeamCountry "GER"]
[BlackTeamCountry "GER"]

1. d4 d5 2. e4 e6 3. c4 dxe4 4. Nc3 Nf6 5. f3 Bb4 6. a3 Bxc3+ 7. bxc3 b6 8. Bg5 h6 9. Bh4 Bb7 10. Qe2 exf3 11. Nxf3 0-0 12. Qc2 Be4 13. Bd3 Bxd3 14. Qxd3 Nbd7 15. 0-0 c5 16. Rad1 Qc7 17. Qe2 Rae8 18. Bg3 Qc6 19. Rde1 Nh5 20. Bh4 Nf4 21. Qe3 Ng6 22. Bg3 Qa4 23. Bd6 Ne7 24. Ne5 Nf5 25. Rxf5 exf5 26. Bxf8 Nxf8 27. Qf2 f6 28. Nf3 Rxe1+ 29. Qxe1 Qxc4 30. Qd2 Kf7 31. h3 a5 32. Nh4 Qb3 33. Kh2 Qxa3 34. Nxf5 a4 35. Nd6+ Kg8 36. Nc4 Qb3 37. Qd3 cxd4 38. Qxd4 b5 39. Na5 Qb2 40. Nc6 Qc2 41. Qd5+ Kh7 42. Qxb5 Ne6 43. Qb4 Qb3 44. Qe4+ Kh8 45. c4 Nc5 46. Qd5 Qe3 47. Qf5 Qg5 48. Qc8+ Kh7 49. Qe8 1/2-1/2

[Event "BL2 Gr03 0506 (Women)"]
[Site "Germany"]
[Date "2006.01.22"]
[Round "5.4"]
[White "Michalek, Barbara"]
[Black "Wenke, Andrea"]
[Result "1-0"]
[WhiteElo "1900"]
[BlackElo "1345"]
[PlyCount "49"]
[EventDate "2005.10.29"]
[EventType "team-tourn"]
[EventRounds "7"]
[EventCountry "GER"]
[SourceTitle "EXT 2007"]
[Source "ChessBase"]
[SourceDate "2006.11.23"]
[SourceVersion "1"]
[SourceVersionDate "2006.11.23"]
[SourceQuality "1"]
[WhiteTeam "Lehrte"]
[BlackTeam "Delmenhorst"]
[WhiteTeamCountry "GER"]
[BlackTeamCountry "GER"]

1. d4 d5 2. c4 e6 3. Nc3 Nf6 4. Nf3 Bb4 5. e3 0-0 6. a3 Bxc3+ 7. bxc3 b6 8. cxd5 Nxd5 9. Qc2 Bb7 10. e4 Ne7 11. Bd3 Ng6 12. h4 Re8 13. h5 Nf8 14. Rh3 f6 15. g4 Nbd7 16. Be3 c5 17. Qb3 Kh8 18. Ke2 Qe7 19. Rah1 e5 20. d5 a6 21. Nh4 b5 22. c4 b4 23. Ng6+ Nxg6 24. hxg6 h6 25. Bxh6 1-0

[Event "BL2 Gr03 0506 (Women)"]
[Site "Germany"]
[Date "2005.11.20"]
[Round "4.4"]
[White "Peschke, Susanne"]
[Black "Wenke, Andrea"]
[Result "1/2-1/2"]
[WhiteElo "1601"]
[BlackElo "1345"]
[PlyCount "103"]
[EventDate "2005.10.29"]
[EventType "team-tourn"]
[EventRounds "7"]
[EventCountry "GER"]
[SourceTitle "EXT 2007"]
[Source "ChessBase"]
[SourceDate "2006.11.23"]
[SourceVersion "1"]
[SourceVersionDate "2006.11.23"]
[SourceQuality "1"]
[WhiteTeam "Hamburger SK II"]
[BlackTeam "Delmenhorst"]
[WhiteTeamCountry "GER"]
[BlackTeamCountry "GER"]

1. d4 d5 2. Nf3 e6 3. e3 Nf6 4. c4 Be7 5. Nc3 0-0 6. Bd3 dxc4 7. Bxc4 b6 8. 0-0 Bb7 9. Bd3 c5 10. Qe2 Nbd7 11. dxc5 Nxc5 12. Bb1 Ba6 13. Qc2 Bxf1 14. Kxf1 g6 15. b3 Ne8 16. Bb2 Bf6 17. Qe2 Qe7 18. e4 Rc8 19. e5 Bg7 20. Ne4 Nxe4 21. Bxe4 Nc7 22. Nd2 Qg5 23. Bf3 Rfd8 24. Ne4 Qe7 25. Nf6+ Kh8 26. Bb7 Rb8 27. Qf3 Nb5 28. Be4 Nd4 29. Qe3 Nb5 30. a4 Nc7 31. Ba3 Bxf6 32. Bxe7 Bxe7 33. Qf3 Kg7 34. Qg3 Na6 35. h4 h5 36. Ke2 Bb4 37. Qf3 Be7 38. g3 Nc5 39. Rd1 Rxd1 40. Kxd1 Rd8+ 41. Ke2 Rd4 42. Bc2 Rd5 43. Qe3 Nd7 44. f4 Bc5 45. Qf3 Bb4 46. Bd3 Nc5 47. Bc4 Rd2+ 48. Kf1 Rb2 49. Qe3 Rb1+ 50. Kg2 Re1 51. Qd4 Ne4 52. Qd3 1/2-1/2

[Event "BL2 Gr03 0506 (Women)"]
[Site "Germany"]
[Date "2005.11.19"]
[Round "3.4"]
[White "Wenke, Andrea"]
[Black "Fishkin, Natalie"]
[Result "0-1"]
[WhiteElo "1345"]
[BlackElo "1902"]
[PlyCount "70"]
[EventDate "2005.10.29"]
[EventType "team-tourn"]
[EventRounds "7"]
[EventCountry "GER"]
[SourceTitle "EXT 2007"]
[Source "ChessBase"]
[SourceDate "2006.11.23"]
[SourceVersion "1"]
[SourceVersionDate "2006.11.23"]
[SourceQuality "1"]
[WhiteTeam "Delmenhorst"]
[BlackTeam "Kiel Doppelbauer"]
[WhiteTeamCountry "GER"]
[BlackTeamCountry "GER"]

1. e4 c5 2. Nf3 Nc6 3. d4 cxd4 4. Nxd4 e5 5. Nf3 Nf6 6. Nc3 Bc5 7. h3 Qb6 8. Qd2 Bb4 9. Bd3 d5 10. a3 Bxc3 11. Qxc3 dxe4 12. Nxe5 exd3 13. Nxd3 0-0 14. 0-0 Bf5 15. Be3 Nd5 16. Bxb6 Nxc3 17. Bc5 Ne2+ 18. Kh2 Rfd8 19. Rad1 Ned4 20. Bxd4 Rxd4 21. f4 Rad8 22. Rf3 h5 23. Kg1 Na5 24. b3 Nxb3 25. cxb3 Rxd3 26. Rfxd3 Rxd3 27. Rxd3 Bxd3 28. Kf2 f6 29. h4 Kf7 30. Ke3 Bc2 31. b4 Ke6 32. Kd4 Kf5 33. Ke3 Kg4 34. Kf2 Kxf4 35. g3+ Kg4 0-1

[Event "BL2 Gr03 0506 (Women)"]
[Site "Germany"]
[Date "2005.10.30"]
[Round "2.4"]
[White "Wenke, Andrea"]
[Black "Bade, Heidrun"]
[Result "0-1"]
[WhiteElo "1345"]
[BlackElo "1717"]
[PlyCount "74"]
[EventDate "2005.10.29"]
[EventType "team-tourn"]
[EventRounds "7"]
[EventCountry "GER"]
[SourceTitle "EXT 2007"]
[Source "ChessBase"]
[SourceDate "2006.11.23"]
[SourceVersion "1"]
[SourceVersionDate "2006.11.23"]
[SourceQuality "1"]
[WhiteTeam "Delmenhorst"]
[BlackTeam "Potsdam"]
[WhiteTeamCountry "GER"]
[BlackTeamCountry "GER"]

1. e4 e5 2. Nf3 Nc6 3. d4 exd4 4. Nxd4 Bc5 5. Be3 Qf6 6. c3 Nge7 7. Bc4 d6 8. Qd2 Qg6 9. f3 Ne5 10. Bb3 Bd7 11. Bf4 a6 12. Qe2 N7c6 13. Nxc6 Bxc6 14. Nd2 0-0 15. Nf1 Bb5 16. Qd2 Nd3+ 17. Kd1 Nxf4 18. Qxf4 Qxg2 19. Ng3 Qxb2 20. Rc1 Qf2 21. Rc2 Qe3 22. Qg4 Qd3+ 23. Kc1 g6 24. Kb2 Bc4 25. h4 d5 26. exd5 Bxb3 27. axb3 Qxd5 28. h5 Rad8 29. Ne4 Be7 30. hxg6 fxg6 31. Rch2 Rf7 32. Rh5 Qd7 33. Qg2 Rg7 34. Qh2 gxh5 35. Qxh5 Qe6 36. Nf2 Qe2+ 37. Kc1 Ba3+ 0-1

[Event "BL2 Gr03 0506 (Women)"]
[Site "Germany"]
[Date "2005.10.29"]
[Round "1.4"]
[White "Kaube, Sylvia"]
[Black "Wenke, Andrea"]
[Result "0-1"]
[WhiteElo "1779"]
[BlackElo "1345"]
[PlyCount "116"]
[EventDate "2005.10.29"]
[EventType "team-tourn"]
[EventRounds "7"]
[EventCountry "GER"]
[SourceTitle "EXT 2007"]
[Source "ChessBase"]
[SourceDate "2006.11.23"]
[SourceVersion "1"]
[SourceVersionDate "2006.11.23"]
[SourceQuality "1"]
[WhiteTeam "Ruedersdorf"]
[BlackTeam "Delmenhorst"]
[WhiteTeamCountry "GER"]
[BlackTeamCountry "GER"]

1. d4 d5 2. Bf4 Nc6 3. Nf3 Nf6 4. e3 e6 5. c3 Bd6 6. Bg3 0-0 7. Bd3 Ne7 8. Nbd2 c5 9. e4 dxe4 10. Nxe4 Nxe4 11. Bxe4 Ng6 12. Bxd6 Qxd6 13. Ng5 h6 14. Nxf7 Rxf7 15. Bxg6 Rf6 16. Bh5 Rb8 17. 0-0 b6 18. dxc5 Qxc5 19. Bf3 Bb7 20. Bxb7 Rxb7 21. Qe2 e5 22. Rad1 Qe7 23. Rde1 Re6 24. Qc4 Kh8 25. Re4 Rc7 26. Qe2 Qc5 27. Kh1 Rce7 28. f4 Qd5 29. c4 Qd6 30. Re1 g5 31. fxg5 hxg5 32. Qh5+ Kg7 33. Qxg5+ Rg6 34. Qe3 Rge6 35. Rg4+ Rg6 36. Rg5 e4 37. Rxg6+ Qxg6 38. Qd4+ Kh6 39. Re3 Qf5 40. Kg1 Qf4 41. g3 Qf5 42. Qd5 Qg4 43. Qd8 Re6 44. Qh8+ Kg5 45. Qg7+ Kf5 46. Qxg4+ Kxg4 47. Kg2 Kf5 48. h3 Rd6 49. Re2 Rd3 50. Kf2 Rf3+ 51. Kg2 Rd3 52. b3 a6 53. h4 Ke5 54. Kh3 Kf5 55. Rf2+ Ke5 56. h5 e3 57. Re2 Ke4 58. Kg2 Rd2 0-1

[Event "JBLN West 0102 "]
[Site "Germany"]
[Date "2002.04.21"]
[Round "?"]
[White "Knop, Hauke"]
[Black "Wenke, Andrea"]
[Result "1/2-1/2"]
[WhiteElo "1888"]
[BlackElo "1572"]
[PlyCount "83"]
[EventDate "2002.10.??"]
[EventType "team-tourn"]
[EventRounds "9"]
[EventCountry "GER"]
[SourceTitle "EXT 2005"]
[Source "ChessBase"]
[SourceDate "2004.11.15"]
[SourceVersion "1"]
[SourceVersionDate "2004.11.15"]
[SourceQuality "1"]

1. d4 d5 2. c4 e6 3. Nc3 Nf6 4. Bg5 Be7 5. Nf3 0-0 6. e3 Nbd7 7. cxd5 exd5 8. Qb3 c6 9. Bd3 h6 10. Bf4 Re8 11. 0-0 Nh5 12. Bg3 Nxg3 13. hxg3 Nf6 14. Ne5 Bd6 15. f4 Bxe5 16. fxe5 Ng4 17. Rf4 Nxe3 18. Re1 Ng4 19. Qd1 Qg5 20. Qf3 Be6 21. Bf5 h5 22. Rf1 f6 23. exf6 Nxf6 24. Bc2 Bg4 25. Qd3 Qh6 26. b4 Re7 27. b5 Rae8 28. bxc6 bxc6 29. Qa6 Ne4 30. Nxe4 dxe4 31. Qc4+ Qe6 32. Qxe6+ Rxe6 33. Bb3 e3 34. Re1 Kh8 35. Bxe6 Rxe6 36. Rf8+ Kh7 37. Rf7 e2 38. Rxa7 Re3 39. a4 Rd3 40. a5 Rxd4 41. Rc7 Ra4 42. Rxc6 1/2-1/2

[Event "JBLN West 0102 "]
[Site "Germany"]
[Date "2002.02.09"]
[Round "?"]
[White "Feuerstack, Aljoscha"]
[Black "Wenke, Andrea"]
[Result "1-0"]
[WhiteElo "1925"]
[BlackElo "1572"]
[PlyCount "41"]
[EventDate "2002.10.??"]
[EventType "team-tourn"]
[EventRounds "9"]
[EventCountry "GER"]
[SourceTitle "EXT 2005"]
[Source "ChessBase"]
[SourceDate "2004.11.15"]
[SourceVersion "1"]
[SourceVersionDate "2004.11.15"]
[SourceQuality "1"]

1. e4 e5 2. Nc3 Nc6 3. f4 d6 4. Nf3 Bg4 5. Bb5 Nge7 6. 0-0 a6 7. Bc4 Nd4 8. Bxf7+ Kxf7 9. Ng5+ Ke8 10. Qxg4 Nxc2 11. Rb1 Qd7 12. f5 g6 13. Ne6 Nd4 14. d3 h5 15. Qh3 gxf5 16. exf5 Ndxf5 17. Rxf5 Nxf5 18. Qxf5 Rg8 19. Qxh5+ Qf7 20. Nxc7+ Ke7 21. N3d5+ 1-0

[Event "JBLN West 0102 "]
[Site "Germany"]
[Date "2002.01.27"]
[Round "?"]
[White "Rinne, Torben"]
[Black "Wenke, Andrea"]
[Result "1-0"]
[WhiteElo "1475"]
[BlackElo "1572"]
[PlyCount "59"]
[EventDate "2002.10.??"]
[EventType "team-tourn"]
[EventRounds "9"]
[EventCountry "GER"]
[SourceTitle "EXT 2005"]
[Source "ChessBase"]
[SourceDate "2004.11.15"]
[SourceVersion "1"]
[SourceVersionDate "2004.11.15"]
[SourceQuality "1"]

1. d4 d5 2. c4 e6 3. Nf3 Nf6 4. Bg5 Nbd7 5. e3 h6 6. Bxf6 Nxf6 7. a3 c5 8. Nc3 cxd4 9. Qxd4 Be7 10. Rd1 Qa5 11. Qd2 0-0 12. cxd5 Rd8 13. Bc4 exd5 14. Nxd5 Qxd2+ 15. Rxd2 Kf8 16. Nxe7 Rxd2 17. Nxd2 Kxe7 18. Ke2 Bd7 19. Rc1 Rc8 20. Nb3 Ng4 21. h3 Ne5 22. Bd3 Bc6 23. Nd4 Rd8 24. Nxc6+ Nxc6 25. Be4 Rd6 26. b4 a6 27. Bxc6 bxc6 28. Rc5 Kd7 29. Ra5 Rd5 30. Rxa6 1-0

[Event "JBLN West 0102 "]
[Site "Germany"]
[Date "2001.11.18"]
[Round "?"]
[White "Hennig, Timo"]
[Black "Wenke, Andrea"]
[Result "1-0"]
[WhiteElo "1706"]
[BlackElo "1572"]
[PlyCount "71"]
[EventDate "2002.10.??"]
[EventType "team-tourn"]
[EventRounds "9"]
[EventCountry "GER"]
[SourceTitle "EXT 2005"]
[Source "ChessBase"]
[SourceDate "2004.11.15"]
[SourceVersion "1"]
[SourceVersionDate "2004.11.15"]
[SourceQuality "1"]

1. d4 d5 2. Nf3 Nf6 3. c4 e6 4. Nc3 Bb4 5. Bg5 h6 6. Bh4 b6 7. Qa4+ Nbd7 8. Qxb4 Bb7 9. cxd5 exd5 10. e3 c6 11. Be2 Qc7 12. Rc1 c5 13. Qb3 0-0 14. Nb5 Qc6 15. Bxf6 Nxf6 16. Ne5 Qc8 17. Nd6 Qc7 18. Nxb7 Qxb7 19. 0-0 Qc7 20. Bf3 Qd6 21. Rfd1 a6 22. Qc3 Rac8 23. dxc5 bxc5 24. Ng4 Nxg4 25. Bxg4 Rc7 26. Bf3 Qd7 27. Rxd5 Qb5 28. b3 a5 29. Rxc5 Rxc5 30. Qxc5 Qa6 31. h3 Rd8 32. Qc7 Rd2 33. Qc8+ Qxc8 34. Rxc8+ Kh7 35. a4 Rd3 36. Be4+ 1-0

[Event "JBLN West 0102 "]
[Site "Germany"]
[Date "2001.10.21"]
[Round "?"]
[White "Reinelt, Tilman"]
[Black "Wenke, Andrea"]
[Result "1-0"]
[WhiteElo "1444"]
[BlackElo "1572"]
[PlyCount "77"]
[EventDate "2002.10.??"]
[EventType "team-tourn"]
[EventRounds "9"]
[EventCountry "GER"]
[SourceTitle "EXT 2005"]
[Source "ChessBase"]
[SourceDate "2004.11.15"]
[SourceVersion "1"]
[SourceVersionDate "2004.11.15"]
[SourceQuality "1"]

1. e4 e5 2. Nf3 Nc6 3. d4 exd4 4. Nxd4 Nf6 5. Nc3 Bb4 6. Nxc6 bxc6 7. Bd3 Bxc3+ 8. bxc3 0-0 9. 0-0 Re8 10. Re1 d6 11. Bg5 h6 12. Bh4 Be6 13. Qf3 c5 14. Bxf6 Qxf6 15. Qxf6 gxf6 16. c4 c6 17. Rab1 Rab8 18. Kf1 d5 19. exd5 cxd5 20. cxd5 Bxd5 21. Rxe8+ Rxe8 22. Rb5 Rc8 23. a4 c4 24. Rxd5 cxd3 25. cxd3 Kf8 26. Rd7 Ra8 27. Ke2 Ke8 28. Rc7 a6 29. Ke3 Rb8 30. Rc6 Ke7 31. Rxa6 Rb4 32. a5 Ra4 33. Ra8 Kd7 34. a6 Ra5 35. a7 Kc7 36. Rf8 Rxa7 37. Rxf7+ Kb6 38. Rxa7 Kxa7 39. Kf4 1-0